000 00552cam a2200205 a 4500
001 4915790
005 20250120030345.0
008 940714s1995 enk b 001 0 eng d
020 _a1856491447
040 _aUkNcU
_cUkNcU
_dDLC
082 0 0 _a305.42
_26904
_bASH
245 0 2 _aA Diplomacy of the Oppressed:
_bNew Directions in International Feminism
260 _aLondon
_aNew Jersey
_bZed Books
_c1995.
300 _aviii, 248 p.,
650 0 _aFeminism
650 0 _aWomen
650 0 _aInternational
700 1 _aAshworth, G
_eedt
942 _cL
999 _c5952
_d5952